000 01417namaa22003251i 4500
005 20260609123242.0
008 260510s1994 ua a|||frm||| 000 0 eng d
040 _aEG-GICUC
_beng
_cEG-GICUC
_dEG-GICUC
_erda
041 0 _aeng
_beng
_bara
049 _aDeposit
097 _aM.Sc
099 _aCai01.12.07.M.Sc.1994.Mo.D.
100 0 _aMona Abd EL-Aziz Khorshed,
_epreparation.
245 1 0 _aDetermination Of Residues Of Carbamate Pesticides In Vegetables /
_cBy Mona Abd EL-aziz Khorshed; Supervision Prof.Dr. Hamdi Mahmoud Hassaneen, Prof.Dr. Salwa Mohamed Ali Dogheim, Dr. Sohair Ahmed Gad Alla.
246 1 5 _aتقدير متبقيات المبيدات الكرباماتية في الخضر
264 0 _c1994.
300 _a106 Leaves :
_billustrations ;
_c30 cm. +
336 _2rda content
_atext
337 _2rdamedia
_aUnmediated
338 _2rdacarrier
_avolume
502 _aThesis (M.Sc.)-Cairo University, 1994.
504 _aBibliography: pages 98-106.
653 0 _aChemistry
700 0 _aHamdi Mahmoud Hassaneen
_ethesis advisor.
700 0 _aSalwa Mohamed Ali Dogheim
_ethesis advisor.
700 0 _aSohair Ahmed Gad Alla
_ethesis advisor.
900 _DDepartment of Chemistry
_FFaculty of Science
_UCairo University
_b1994
_cHamdi Mahmoud Hassaneen
_cSalwa Mohamed Ali Dogheim
_cSohair Ahmed Gad Alla
905 _aEman El gebaly
_eNourhan
942 _2ddc
_cTH
_e21
_n0
999 _c180046